Statistics for Pokemon Starters Gen 1-6

Click here to take the quiz!

General Stats

  • This quiz has been taken 181 times
  • The average score is 17 of 19

Answer Stats

Answer% Correct
Bulbasaur
98%
Charmander
98%
Squirtle
97%
Pikachu
96%
Mudkip
91%
Torchic
91%
Chikorita
89%
Cyndaquil
88%
Piplup
88%
Chimchar
86%
Totodile
86%
Turtwig
86%
Snivy
85%
Tepig
85%
Treecko
85%
Chespin
83%
Oshawott
83%
Froakie
82%
Fennekin
79%

Score Distribution

Percentile by Number Answered

Percent of People with Each Score

Your Score History

You have not taken this quiz